30 biggest European cities by letter (with a map) -S - Statistics

General Stats
  • This quiz has been taken 1,005 times
    1,004 since last reset
  • The average score is 18 of 30
Answers on the Map
Answers color-coded by a green-red scale on the quiz's map according to % correct below.
 
Answer Stats
Answer Population % Correct
Sarajevo 696 731
96%
Stockholm 917 297
95%
Saint Petersburg 5 281 579
93%
Sofia 1 286 383
93%
Seville 688 811
92%
Skopje 474 889
90%
Southampton 253 651
86%
Strasbourg 276 170
84%
Stuttgart 623 738
84%
Sheffield 575 400
80%
Swansea 244 500
79%
Sebastopol 428 753
73%
Sochi 401 291
73%
Szczecin 407 047
69%
Saarbrücken 178 151
63%
Sunderland 174 286
59%
Stoke-on-Trent 253 200
57%
Santander 172 656
55%
Saint-Étienne 170 761
51%
Simferopol 341 155
50%
Southend-on-Sea 179 800
49%
Smolensk 328 906
46%
Swindon 182 441
41%
Sumy 267 124
31%
Sabadell 208 246
28%
Salford 233 933
28%
Sosnowiec 206 516
22%
Severodvinsk 185 075
13%
Shakhty 235 492
12%
Stary Oskol 222 125
9%
No matching quizzes found
Score Distribution
Percent of People with Each Score
Percentile by Number Answered
Your Score History
You have not taken this quiz since the last reset